All India Reporter (Record no. 40622)
[ view plain ]
| 000 -LEADER | |
|---|---|
| fixed length control field | nam a22 7a 4500 |
| 003 - CONTROL NUMBER IDENTIFIER | |
| control field | OSt |
| 005 - DATE AND TIME OF LATEST TRANSACTION | |
| control field | 20170923164559.0 |
| 008 - FIXED-LENGTH DATA ELEMENTS--GENERAL INFORMATION | |
| fixed length control field | 170923b xxu||||| |||| 00| 0 eng d |
| 040 ## - CATALOGING SOURCE | |
| Transcribing agency | sero soft |
| 100 ## - MAIN ENTRY--PERSONAL NAME | |
| Personal name | AIR |
| 245 ## - TITLE STATEMENT | |
| Title | All India Reporter |
| 260 ## - PUBLICATION, DISTRIBUTION, ETC. | |
| Name of publisher, distributor, etc. | Nagpur AIR PVT |
| 942 ## - ADDED ENTRY ELEMENTS (KOHA) | |
| Source of classification or shelving scheme | |
| Koha item type | Text-Book- for 7 days |
| Withdrawn status | Lost status | Source of classification or shelving scheme | Damaged status | Not for loan | Home library | Current library | Date acquired | Source of acquisition | Cost, normal purchase price | Barcode | Date last seen | Price effective from | Koha item type |
|---|---|---|---|---|---|---|---|---|---|---|---|---|---|
| IIMT University College of Law | IIMT University College of Law | 09/23/2017 | WESTERN LAW HOUSE | 8100.00 | 04-B-5099 | 09/23/2017 | 09/23/2017 | Journal and Periodical | |||||
| IIMT University College of Law | IIMT University College of Law | 09/23/2017 | WESTERN LAW HOUSE | 8100.00 | 04-B-5100 | 09/23/2017 | 09/23/2017 | Journal and Periodical |

